000 00306nam a2200121Ia 4500
005 20260326235501.0
008 260326s9999||||xx |||||||||||||| ||und||
100 _aChristians, Lutz
245 0 _aArchitektur und atadtgestalt in Kairo /
_cLutz Christians
300 _a423 p.
650 _aAFRICA
942 _cBK
999 _c8067
_d8067